Barrios de Madrid: Fuencarral-El Pardo - Estadísticas

Estadísticas generales
  • Esta prueba ha sido intentada 14 veces
  • La puntuación promedio es 4 de 8
Estadísticas de respuestas
Código Barrio % Correcto
87 Mirasierra
77%
86 Valverde
54%
81 El Pardo
46%
82 Fuentelarreina
46%
83 Peñagrande
46%
84 El Pilar
38%
85 La Paz
38%
88 El Goloso
23%
No se encontraron pruebas coincidentes
Distribución de puntuación
Porcentaje de gente con cada puntuación
Porcentaje por número respondido
Historial de tus puntuaciones
No has intentado esta prueba.